Physics / For Science and Engineering (Record no. 1707)
[ view plain ]
| 000 -LEADER | |
|---|---|
| fixed length control field | 01159cam a22002054a 4500 |
| 005 - ΗΜΕΡΟΜΗΝΙΑ ΚΑΙ ΩΡΑ ΤΕΛΕΥΤΑΙΑΣ ΕΝΗΜΕΡΩΣΗΣ | |
| Πεδίο ελέγχου | 20250605164016.0 |
| 008 - FIXED-LENGTH DATA ELEMENTS--GENERAL INFORMATION | |
| Πεδίο ελέγχου σταθερού μήκους | 250528s ||||||||||||||||||||||||d |
| 035 ## - SYSTEM CONTROL NUMBER | |
| System control number | 16172 |
| 020 ## - ISBN | |
| ISBN | 4833700980 |
| 040 ## - ΠΗΓΗ ΚΑΤΑΛΟΓΟΓΡΑΦΗΣΗΣ | |
| Φορέας πρωτότυπης καταλογογράφησης | MC Athens Campus Library |
| Γλώσσα καταλογογράφησης | Ελληνικά, Μοντέρνα (1453-) |
| Modifying agency | MC Athens Campus Library |
| Κανόνες περιγραφικής καταλογογράφησης | AACR2 |
| 245 1# - ΤΙΤΛΟΣ ΚΑΙ ΔΗΛΩΣΗ ΥΠΕΥΘΥΝΟΤΗΤΑΣ | |
| Τίτλος | Physics / For Science and Engineering |
| 260 ## - PUBLICATION, DISTRIBUTION, ETC. | |
| Name of publisher, distributor, etc. | Holt Saunders International Editions, |
| Date of publication, distribution, etc. | 1982 |
| 300 ## - PHYSICAL DESCRIPTION | |
| Extent | 1326 |
| 520 ## - SUMMARY, ETC. | |
| Summary, etc. | Introduction, Kinematics of Linear Motion, Vectors and Coordinate Frames, Kinematics in Two and Three Dimensions, The Principles of Dynamics - Newton's Laws, Applications of Newton's Laws, Mechanical Energy and Work, Forces and Potential Energy, Linear Momentum, Angular Momentum and the Dynamics of Systems, Rotation of Rigid Bodies, Forces in Equilibrium, Oscillatory Motion, Static Fluids, Mechanical Waves, Sound, The Behavior of Gases, Kinetic Theory, Thermodynamics, Electric Charge, Electric Potential, Current and Resistance, The Magnetic Field, Electromagnetic Waves, Geometrical Otics, Interference, Diffraction, Atoms, Index. |
| 700 1# - ΠΡΟΣΘΕΤΗ ΑΝΑΓΡΑΦΗ--ΦΥΣΙΚΟ ΠΡΟΣΩΠΟ | |
| Personal name | Hornyak William F |
| 9 (RLIN) | 2222 |
| 700 1# - ΠΡΟΣΘΕΤΗ ΑΝΑΓΡΑΦΗ--ΦΥΣΙΚΟ ΠΡΟΣΩΠΟ | |
| Personal name | Marion Jerry B |
| 9 (RLIN) | 2223 |
| 942 ## - ADDED ENTRY ELEMENTS (KOHA) | |
| Koha item type | Books |
| Τύπος τεκμηρίου | Βιβλιοθήκη | Τρέχουσα τοποθεσία | Barcode | Αριθμός εισαγωγής | Ημερομηνία απόκτησης | Ταξιθετικό σύμβολο | Αριθμός αντιτύπου | Κατάσταση απόσυρσης | Κατάσταση χαμένου | Κατάσταση κατεστραμμένου | Μη δανεισμός | Σύνολο δανεισμών | Ημερομηνία τελευταίας εμφάνισης | Η τιμή ισχύει από |
|---|---|---|---|---|---|---|---|---|---|---|---|---|---|---|
| Books | MC Athens Campus Library | MC Athens Campus Library | 9780000017062 | 3259 | 05/06/2025 | 530 MAR | 1 | 05/06/2025 | 05/06/2025 |